| 000 | 01018 a2200229 4500 | ||
|---|---|---|---|
| 003 | NUST | ||
| 005 | 20221121134401.0 | ||
| 010 | _a 78040239 | ||
| 020 |
_a0198596251 : _a019859626X |
||
| 040 | _cNust | ||
| 082 | 0 | 0 | _a515.353,SMI |
| 100 | 1 |
_aSmith, G. D. _939292 |
|
| 245 | 1 | 0 |
_aNumerical solution of partial differential equations : _bfinite difference methods / _cG. D. Smith. |
| 250 | _a2nd ed. | ||
| 260 |
_aOxford : _bClarendon Press ; _aNew York : _bOxford University Press, _c1978. |
||
| 300 |
_axii, 304 p. : _bill. ; _c22 cm. |
||
| 490 | 0 | _aOxford applied mathematics and computing science series | |
| 505 | _aIntroduction And Finite Difference Formulae (Page-1), Parabolic Equations (Page-11), Convergence, Stability And Consistency (Page-75), Hyperbolic Equations And Characteristics (Page-143), Elliptic Equations (Page-207). | ||
| 650 | 0 |
_aDifference equations _xNumerical solutions. _9103271 |
|
| 650 | 0 |
_aDifferential equations, Partial _xNumerical solutions. _939293 |
|
| 942 |
_2ddc _cBK _k515.353,SMI |
||
| 999 |
_c181852 _d181852 |
||